মোহাম্মদ রওশন আলী চৌধুরী, ১৮৭৪-১৯৩৩ / (Record no. 27536)

MARC details
000 -LEADER
fixed length control field 00882nam a22002177a 4500
003 - CONTROL NUMBER IDENTIFIER
control field BDDh-ASL
005 - DATE AND TIME OF LATEST TRANSACTION
control field 20231016062615.0
008 - FIXED-LENGTH DATA ELEMENTS--GENERAL INFORMATION
fixed length control field 201022s1989 b ||||| |||| 00| 0 be d
040 ## - CATALOGING SOURCE
Original cataloging agency BDDh-ASL
Transcribing agency BDDh-ASL
041 ## - LANGUAGE CODE
Language code of text/sound track or separate title ben
082 ## - DEWEY DECIMAL CLASSIFICATION NUMBER
Classification number 920.71
Item number AHM
100 1# - MAIN ENTRY--PERSONAL NAME
Personal name আহমদ, ওয়াকিল
9 (RLIN) 248
245 10 - TITLE STATEMENT
Title মোহাম্মদ রওশন আলী চৌধুরী, ১৮৭৪-১৯৩৩ /
246 ## - VARYING FORM OF TITLE
Title proper/short title Mohammad Raushan ALi Chowdhury
260 ## - PUBLICATION, DISTRIBUTION, ETC.
Place of publication, distribution, etc. ঢাকা:
Name of publisher, distributor, etc. বাংলা একাডেমি,
Date of publication, distribution, etc. ১৯৮৯।
300 ## - PHYSICAL DESCRIPTION
Extent ৭৮ পৃষ্ঠা, :
Dimensions ২২ সে. মি.
440 ## - SERIES STATEMENT/ADDED ENTRY--TITLE
9 (RLIN) 4691
Title জীবনী গ্রন্থমালা
600 10 - SUBJECT ADDED ENTRY--PERSONAL NAME
9 (RLIN) 5721
Personal name চৌধুরী, মোহাম্মদ রওশন আলী
650 #0 - SUBJECT ADDED ENTRY--TOPICAL TERM
Topical term or geographic name entry element biographical dictionary - চরিতাভিধান
9 (RLIN) 4665
942 ## - ADDED ENTRY ELEMENTS (KOHA)
Source of classification or shelving scheme Dewey Decimal Classification
Koha item type Books
Holdings
Withdrawn status Lost status Source of classification or shelving scheme Damaged status Not for loan Collection code Home library Current library Shelving location Date acquired Source of acquisition Total Checkouts Full call number Barcode Date last seen Copy number Price effective from Koha item type
    Dewey Decimal Classification     Non-fiction Asiatic Society Library Asiatic Society Library General Stacks 11/04/2021 Donated by Prof. (Dr.) M. Abdul Qayyum & Dr. Razia Sultana   920.71 AHM 113655 11/04/2021 C-1 11/04/2021 Books

Powered by Koha